Hospodářské a politické aspekty německých reparací 1918-1932
Analýza doterajších výsledkov historického výskumu vojnových reparácií Nemecka po prvej svetovej vojne, od versailleskej mierovej zmluvy k ukončeniu reparačných povinností lausannskou konferenciou 1932.
Enregistré dans:
| Auteur principal: | |
|---|---|
| Format: | Chapitre de livre |
| Langue: | tchèque |
| Sujets: | |
| Tags: |
Pas de tags, Soyez le premier à ajouter un tag!
|
MARC
| LEADER | 00000naa$a2200000$$$4500 | ||
|---|---|---|---|
| 001 | 0038113 | ||
| 005 | 20231114082043.3 | ||
| 041 | 0 | |a cze | |
| 044 | |a CZ | ||
| 245 | 1 | 0 | |a Hospodářské a politické aspekty německých reparací 1918-1932 |c Dagmar Moravcová |
| 520 | |a Analýza doterajších výsledkov historického výskumu vojnových reparácií Nemecka po prvej svetovej vojne, od versailleskej mierovej zmluvy k ukončeniu reparačných povinností lausannskou konferenciou 1932. | ||
| 610 | 2 | 0 | |a Nemecko |
| 610 | 2 | 0 | |a história |
| 610 | 2 | 0 | |a reparácie |
| 610 | 2 | 0 | |a vývoj hospodársky |
| 610 | 2 | 0 | |a ukazovatele makroekonomické |
| 610 | 2 | 0 | |a politika zahraničná |
| 100 | 1 | |a Moravcová, Dagmar | |